000 00847nam a2200253Ia 4500
003 OSt
005 20220923211035.0
006 a|||||r|||| 00| 0
007 ta
008 Pun
020 _a8171680143 (pbk)
_c100
024 _a281,900
037 _b866, 14/08/2014, H.K. Prakashan
_cTextual
040 _aARTS
_cARTS
_bPun
041 _2Pun
_aPun
082 _aO153,2M97x, Q1
100 _aਸਿੰਘ, ਨਾਨਕ
_9157456
245 0 _aਨਾਨਕ ਸਿੰਘ ਦੀਆਂ ਸ੍ਰੇFਟ ਕਹਾਣੀਆਂ
260 _aਅੰਮ੍ਰਿਤਸਰ
_b ਲੋਕ ਸਾਹਿਤ ਪ੍ਰਕਾFਨ
_c2011
300 _a196ਪੰ
_ccm.
650 _aਪੰਜਾਬੀ ਸਾਹਿਤ
942 _hO153,2M97x, Q1
_cTEXL
_2CC
999 _c294354
_d294354